| 000 | 00000nas##2200000za#4500 |
|---|---|
| 001 | 9.507467 |
| 003 | CaOODSP |
| 005 | 20200325094122 |
| 007 | cr ||||||||||| |
| 008 | 150406c1998||||xxc|| m o||||f| |0eng|d |
| 022 | |a1480-8013 |
| 040 | |aCaOODSP|beng |
| 043 | |an-cn--- |
| 086 | 1 |aFs22-9E-PDF |
| 110 | 1 |aCanada. |bDepartment of Fisheries and Oceans. |
| 245 | 10|aOceans conservation report series |h[electronic resource] |
| 260 | |aOttawa - Ontario : |bFisheries and Oceans Canada |c[1998]--. |
| 310 | |aIrregular |
| 500 | |a"Integrated Coastal Zone Management - Marine Protected Areas - Marine Environmental Quality". |